Informačno-komunikačné technológie a MultiPoint Server 2011 vo vzdelávaní

Gespeichert in:
Bibliographische Detailangaben
1. Verfasser: Belko, Peter, 1974- (Verfasst von)
Weitere Verfasser: Hrmo, Roman, 1964- (Betreuung Doktorarbeit)
Format: Manuskript Buch
Sprache:Slowakisch
Veröffentlicht: Trnava : STU v Bratislave MTF KIP, 2012
Schlagworte:
Online-Zugang:VAIS
Tags: Tag hinzufügen
Keine Tags, Fügen Sie das erste Tag hinzu!

MARC

LEADER 00000ntm a22000003a 4500
001 stu251487
005 20150617230228.3
008 120719s2012----xo------------------slo-d
040 |a STU  |b slo 
041 0 |a slo 
044 |a xo 
100 1 |a Belko, Peter,  |d 1974-  |4 aut  |u M  |T MTF Materiálovotechnologická fakulta  |X 7859  |U M  |Y 60  |7 A000007859 
242 0 0 |a Information and Communication Technology and MultiPoint Server 2011 in Education  |y eng 
245 1 |a Informačno-komunikačné technológie a MultiPoint Server 2011 vo vzdelávaní 
260 |a Trnava :  |b STU v Bratislave MTF KIP,  |c 2012 
300 |a 87 s  |c príl 
650 7 |a učiteľstvo technických profesijných predmetov  |2 stusub 
650 7 |a Teaching Specific Engineering Subjects  |2 estusub 
650 7 |a ICT in education  |2 estusub 
700 1 |a Hrmo, Roman,  |d 1964-  |4 ths  |u M220  |U MTF Ústav inžinierskej pedagogiky a humatitných vied  |T MTF Katedra inžinierskej pedagogiky a psychológie  |X 230  |U M220  |Y M220  |7 A000000230 
856 4 |a info a plný text  |u http://is.stuba.sk/zp/portal_zp.pl?podrobnosti=81077  |3 VAIS 
996 |c M*DP-11028  |l MMSKP  |s P  |a 0  |w stu251487_0001